000 00384nam a2200157Ia 4500
008 210210b2002 xxu||||| |||| 00| 0 eng d
020 _a81 7288 062 6
082 _a320.454 FADI
100 _aFADIA (B L).
245 _aIndian government and politics
250 _a
260 _aAgra.
_bSahitya Bhavan
_c2002
300 _av,978
690 _aIndian Government
906 _a057233
999 _c104403
_d104403